Les plus grande villes traverse par la Garonne - Statistiques

Statistiques générales
  • Ce quiz a été pris 87 fois
  • Le résultat moyen est 5 sur 9
Statistiques - réponses
Population Villes % Correct
471,941 Toulouse
99%
249,712 Bordeaux
96%
33,988 Agen
80%
25,264 Muret
44%
23,759 Blagnac
41%
17,949 Marmande
41%
27,197 Begles
36%
13,886 Castelsarrasin
31%
24,547 Cenon
11%
Aucun quiz correspondant
Distribution des résultats
% des personnes avec chaque résultat
Percentile par nombre de réponses
Votre historique - résultats
Vous n’avez pas pris ce quiz